Lord of the Rings Rulers Match-up Quiz Stats

Quiz Updated Mar 2, 2015

Challenge
Share
Tweet
Score 0/18 Timer 05:00
9 Plays Today
% Correct
Lord Sauron
95.3%
Lord Elrond Half-elven
93.9%
Treebeard
93.2%
Saruman the White
92.6%
King Aragorn II Elessar
91.5%
King Théoden Ednew
89.8%
Great Goblin
87.7%
Lady Galadriel and Lord Celeborn
87.5%
Witch-King of Angmar
77.7%
% Correct
Bard the Bowman
76.7%
Dáin II Ironfoot
68.5%
King Thranduil
67.7%
Prince Faramir and Eowyn
61.1%
King of the Dead
48.5%
Master of Lake-town
44.4%
Círdan the Shipwright
36%
Ghân-buri-Ghân
34.3%
Prince Imrahil
32.6%

You're not logged in!

Compare scores with friends on all Sporcle quizzes.
Sign Up with Email
OR
Log In

You Might Also Like...

Show Comments

Extras

Top Quizzes Today


Score Distribution

Your Account Isn't Verified!

In order to create a playlist on Sporcle, you need to verify the email address you used during registration. Go to your Sporcle Settings to finish the process.